Wybierz prawidłową postać do aktora z "Breaking Bad" - Statystyki

Ogólne statystyki
  • Ten quiz został rozwiązany 25 razy
  • Średni wynik to 10 z 17
Statystyki odpowiedzi
Hint Odpowiedź % Poprawnych
Aaron Paul Jesse Pinkman
81%
Bryan Cranston Walter White
81%
Giancarlo Esposito Gustavo Fring
76%
Krysten Ritter Jane Margolis
76%
Bob Odenkirk Saul Goodman
76%
Dean Norris Hank Schrader
71%
Betsy Brandt Marie Schrader
71%
Jonathan Banks Mike Ehrmantraut
71%
Anna Gunn Skyler White
71%
Steven Michael Quezada Steven Gomez
71%
RJ Mitte Walter White Jr.
67%
Lavell Crawford Huell Babineaux
48%
Jesse Plemons Todd Alquist
43%
David Costabile Gale Boetticher
33%
Christopher Cousins Ted Beneke
29%
Charles Baker Skinny Pete
24%
Ray Campbell Tyrus Kitt
10%
Nie znaleziono quizów pasujących do podanych kryteriów
Rozkład punktacji
Procent ludzi z każdym wynikiem
Percentyl według liczby udzielonych odpowiedzi
Twoja historia wyników
Nie rozwiązałeś tego quizu